000 00476nam a22001937a 4500
003 MPLRDC
005 20220104161905.0
008 210129b ||||| |||| 00| 0 eng d
020 _a7-80000-604-2
082 _a859.4 ZK
100 _a庄轲
245 _a麦牙糖童语国历险记
_c
250 _a一版一刷
260 _a中国
_b印刷工业出版社
_c2006
300 _b233
490 _a金色翅膀丛书
650 _a儿童故事
942 _cBK
_o859.4 ZK
999 _c55707
_d55697